| 000 | 00387nam a2200121Ia 4500 | ||
|---|---|---|---|
| 005 | 20251222144654.0 | ||
| 008 | 251222s9999||||xx |||||||||||||| ||spa|| | ||
| 082 | _a302.35/A41 | ||
| 100 | _aAlfaro de Pardo Sagrera, Ana María | ||
| 245 | 0 | _aLos Estudios de Relaciones Laborales en España | |
| 264 | _bConsejo General de Colegios Oficiales de Graduados Sociales de España | ||
| 942 | _cLIB | ||
| 999 |
_c17196 _d17196 |
||